000 00538nam a2200193Ia 4500
005 20250508162817.0
008 008 250505s9999 xx 000 0 eng d
020 _a81-7024-423-4
037 _aTextual
040 _aFEDL
_beng
_cFEDL
041 _aeng
_2eng
084 _a305.4, PAN
_qFEDL
100 _aPanda Snehalata
245 0 _aWomen and social change in India
260 _aNew Delhi, India
_bAshish Publishing House
_c1992
300 _aviii,124p.
942 _cTEXL
_h305.4, PAN
999 _c1378837
_d1378837